000
00267nam a2200121Ia 4500
008
221030s9999 xx 000 0 und d
041
_a
English
082
_a
105.23
_b
BE
245
0
_a
Electronics Projects Vol. 20
_b
CD
260
_c
2005
650
_a
Book
942
_c
CD
999
_c
5995
_d
5995